[Event "FISU World University"]
[Site "Tornelo INT"]
[Date "2020.10.26"]
[Round "2.7"]
[White "Torrijos Garcia, Borja"]
[Black "Pinochet Gonzalez, Luis Enrique"]
[Result "0-1"]
[WhiteElo "2130"]
[BlackElo "1753"]
[PlyCount "140"]
[EventDate "2020.10.26"]
[EventType "team-swiss (rapid)"]
[EventRounds "9"]
[EventCountry "NET"]
[SourceTitle "CBM 199 Extra"]
[Source "ChessBase"]
[SourceDate "2021.01.31"]
[SourceVersion "1"]
[SourceVersionDate "2021.01.31"]
[SourceQuality "1"]
[WhiteTeam "Spain IV"]
[BlackTeam "Chile III"]
[WhiteTeamCountry "ESP"]
[BlackTeamCountry "CHI"]

1. e4 d6 2. Nc3 Nf6 3. h3 c5 4. Nf3 g6 5. Bc4 Bg7 6. 0-0 0-0 7. d3 Nc6 8. Be3 a6 9. a4 b6 10. Qd2 e6 11. Bh6 d5 12. Bxg7 Kxg7 13. exd5 exd5 14. Bb3 Qd6 15. Rae1 h6 16. Ne2 b5 17. c3 Bf5 18. Ng3 Be6 19. Re2 Rfd8 20. Rfe1 c4 21. Bc2 d4 22. Rd1 dxc3 23. bxc3 cxd3 24. Bxd3 Bb3 25. Bc2 Qc5 26. Qe1 bxa4 27. Rb1 Rab8 28. Ra1 a5 29. Be4 Re8 30. Nh4 Ne7 31. Qc1 g5 32. Nhf5+ Nxf5 33. Nxf5+ Kf8 34. Ng3 Qc4 35. Qe3 Nd5 36. Qd4 Qxd4 37. cxd4 Nc3 38. Re3 Nxe4 39. Nxe4 Rbd8 40. Nc5 Rxd4 41. Nxb3 axb3 42. Rxb3 a4 43. Rba3 Ra8 44. Re1 Rb4 45. g3 Rb3 46. Rea1 Rxa3 47. Rxa3 Ke7 48. Kg2 Kd6 49. Kf3 Kc5 50. Kg4 Kb4 51. Ra1 a3 52. Kf5 Ra6 53. f4 gxf4 54. gxf4 Kb3 55. Ke5 Kb2 56. Rg1 a2 57. Rg2+ Kb3 58. Rg3+ Kc4 59. Rg1 a1Q+ 60. Rxa1 Rxa1 61. Kf6 Ra7 62. h4 Kd4 63. h5 Ke4 64. Kg7 Kxf4 65. Kxh6 Kg4 66. Kg7 f5+ 67. Kg6 f4 68. h6 f3 69. h7 Rxh7 70. Kxh7 f2 0-1

[Event "Guimaraes op 3rd"]
[Site "Guimaraes"]
[Date "2019.08.28"]
[Round "1"]
[White "Torrijos Garcia, Borja"]
[Black "Lopez Mulet, Inigo"]
[Result "0-1"]
[WhiteElo "2153"]
[BlackElo "2397"]
[PlyCount "66"]
[EventDate "2019.08.28"]
[EventType "swiss"]
[EventRounds "7"]
[EventCountry "POR"]
[SourceTitle "EXT 2020"]
[Source "ChessBase"]
[SourceDate "2019.10.17"]
[SourceVersion "1"]
[SourceVersionDate "2019.10.17"]
[SourceQuality "1"]

1. c4 e5 2. Nc3 Bb4 3. g3 Bxc3 4. dxc3 d6 5. Bg2 Ne7 6. e4 Be6 7. Qd3 0-0 8. Ne2 Qd7 9. f4 exf4 10. gxf4 f5 11. Nd4 Nbc6 12. Nxe6 Qxe6 13. Bd2 Qg6 14. Bf3 fxe4 15. Qxe4 Qxe4+ 16. Bxe4 Ng6 17. Bxg6 hxg6 18. Ke2 Kf7 19. Rae1 Ne7 20. Kd3 Rh8 21. h3 Nf5 22. Rh2 Rh4 23. Rf1 Re8 24. Rf3 a5 25. a4 Nh6 26. b4 Rh8 27. c5 dxc5 28. bxc5 Rd8+ 29. Kc2 Rh5 30. c6 b6 31. Re2 Rc5 32. Be3 Rxc6 33. Kb3 Rd3 0-1

[Event "Mislata op 50th"]
[Site "Mislata"]
[Date "2016.08.12"]
[Round "7"]
[White "Moronta Furio, Diego"]
[Black "Torrijos Garcia, Borja"]
[Result "0-1"]
[WhiteElo "1839"]
[BlackElo "1916"]
[PlyCount "106"]
[EventDate "2016.08.08"]
[EventType "swiss"]
[EventRounds "9"]
[EventCountry "ESP"]
[SourceTitle "EXT 2017"]
[Source "ChessBase"]
[SourceDate "2016.10.25"]
[SourceVersion "1"]
[SourceVersionDate "2016.10.25"]
[SourceQuality "1"]

1. e4 c5 2. Nf3 d6 3. d4 cxd4 4. Nxd4 Nf6 5. Nc3 a6 6. Be3 e5 7. Nb3 Be6 8. f3 h5 9. Qd2 Nbd7 10. 0-0-0 Be7 11. Kb1 Rc8 12. h3 b5 13. Bd3 Nb6 14. Qf2 Nfd7 15. f4 f6 16. fxe5 dxe5 17. Bxb6 Qxb6 18. Qg3 Rxc3 19. bxc3 Kf7 20. Rhf1 a5 21. Qf2 Nc5 22. Be2 a4 23. Nxc5 Bxc5 24. Qh4 b4 25. c4 b3 26. cxb3 axb3 27. a3 Qa5 28. Qg5 Qxa3 29. Bxh5+ Kg8 30. Rd8+ Bf8 31. Rxf8+ Qxf8 32. Qg6 Bxc4 33. Rc1 Bf7 34. Qxf7+ Qxf7 35. Bxf7+ Kxf7 36. Rc7+ Kg6 37. Kb2 Rb8 38. Rd7 Rb4 39. Rd2 Kg5 40. Re2 Kf4 41. Rf2+ Kxe4 42. Rf3 f5 43. Rg3 Rb7 44. h4 Kf4 45. Rc3 Kg4 46. g3 f4 47. gxf4 exf4 48. Rc4 Kg3 49. h5 f3 50. Rc5 f2 51. Rf5 Kg2 52. Rg5+ Kf1 53. Rf5 Re7 0-1

[Event "Mislata op-A 23rd"]
[Site "Mislata"]
[Date "2015.08.11"]
[Round "3"]
[White "Torrijos Garcia, Borja"]
[Black "Cruz Lledo, Pablo"]
[Result "0-1"]
[WhiteElo "1862"]
[BlackElo "2291"]
[PlyCount "74"]
[EventDate "2015.08.10"]
[EventType "swiss"]
[EventRounds "9"]
[EventCountry "ESP"]
[SourceTitle "EXT 2016"]
[Source "ChessBase"]
[SourceDate "2015.10.08"]
[SourceVersion "1"]
[SourceVersionDate "2015.10.08"]
[SourceQuality "1"]

1. c4 c6 2. g3 d5 3. Bg2 Nf6 4. Nf3 g6 5. 0-0 Bg7 6. d4 0-0 7. b3 a5 8. Nc3 Ne4 9. Bb2 Nxc3 10. Bxc3 b5 11. c5 Nd7 12. Qc2 Qc7 13. Rfe1 Nf6 14. Nd2 Bf5 15. e4 dxe4 16. Nxe4 Bxe4 17. Bxe4 Nxe4 18. Rxe4 Rfd8 19. Qe2 e6 20. h4 Rd5 21. Rd1 Rad8 22. f4 b4 23. Bb2 Qd7 24. Kg2 Rxc5 25. dxc5 Qxd1 26. Qxd1 Rxd1 27. Bxg7 Kxg7 28. Kf3 Rd2 29. Re2 Rxe2 30. Kxe2 f5 31. Ke3 Kf6 32. Kd4 h6 33. h5 gxh5 34. Ke3 e5 35. fxe5+ Kxe5 36. Kf3 h4 37. gxh4 f4 0-1

[Event "Quart de Poblet op 3rd"]
[Site "Quart de Poblet"]
[Date "2015.07.18"]
[Round "2.6"]
[White "Galvan, Jesus"]
[Black "Torrijos Garcia, Borja"]
[Result "1-0"]
[WhiteElo "2216"]
[BlackElo "1841"]
[PlyCount "84"]
[EventDate "2015.07.18"]
[EventType "swiss"]
[EventRounds "7"]
[EventCountry "ESP"]
[SourceTitle "EXT 2024"]
[Source "ChessBase"]
[SourceDate "2023.10.10"]
[SourceVersion "1"]
[SourceVersionDate "2023.10.10"]
[SourceQuality "1"]

1. b3 c5 2. Bb2 Nc6 3. e3 Nf6 4. Nf3 g6 5. Bxf6 exf6 6. c4 Bg7 7. Nc3 0-0 8. Be2 Ne7 9. d4 cxd4 10. Nxd4 d5 11. 0-0 Qa5 12. Nxd5 Nxd5 13. cxd5 Qxd5 14. Nb5 Qe5 15. Rc1 a6 16. Nd4 Be6 17. Bf3 Bd5 18. Bxd5 Qxd5 19. Nf3 Qxd1 20. Rfxd1 Rac8 21. Kf1 Rfd8 22. Rxd8+ Rxd8 23. Rc7 Rd1+ 24. Ke2 Ra1 25. Rc2 f5 26. Ne1 Bf8 27. Nd3 Kg7 28. Ne5 Bd6 29. Nf3 Ba3 30. Nd4 Bb4 31. a4 Ba3 32. Kd3 Rc1 33. Rxc1 Bxc1 34. Kc4 Ba3 35. b4 Kf6 36. Nc2 Bb2 37. Kc5 Ke6 38. Kb6 Kd5 39. Kxb7 Kc4 40. Kxa6 Kb3 41. a5 Kxc2 42. Kb7 Bc3 1-0